Регионална библиотека "Любен Каравелов" - Русе

Песни (Запис номер 361721)

MARC детайли
000 -Лидер
Контролно поле с фиксирана дължина 10320ncm a2201069 c 4500
003 - Код на организацията, давaща контролен номер
Контролно поле BLK
005 - Дата и час на последна редакция
Контролно поле 20200512151319.0
008 - Елементи от данни с фиксирана дължина
fixed length control field 180414b bul |a|er|||| |0| c|bulo|
010 ## - Наследен системен номер
LC control number NOT00001730000
040 ## - Източник на каталожния запис
Идентификатор на билиотеката - собственик на записа BLK
041 ## - Код за език
Код за езика на текст/звукозапис или на отделно заглавие Руски
Код за езика КДБФ Руски
080 ## - УДК
Текстов определител УДК Масови песни. Песни на отделни обществени групи
УДК код - определител по УДК 784.66
УДК - код + определител 784.66
100 1# - Редна дума - Автор
R(LIN) 39525
Автор Блантер, Матвей Исакович
Авторска отговорност първи автор
139 ## - Редно поле
Редна дума Блантер, Матвей
Авторски знак Бл - Б 47
245 10 - Сведения за заглавието
Заглавие Песни
Подзаглавни данни Для голоса или хора в сопровождении фортепиано (баяна)
Редно поле (дума) Матвей Блантер
257 ## - Страна на издаване
Страна на създаване/издаване Русия
260 ## - Област на издателските данни
Име на издателя, разпространителя и проч. Советский композитор
Година на издаване 1968
9 (RLIN) 402757
Място на издаване, разпространение и проч. Москва
300 ## - Физическа характеристика
Страници 136 с.
Размери/Мащаб 30 см
380 ## - Жанр
Жанр Изкуство
653 #7 - Ключова дума – ненормативна
9 (RLIN) 195905
Ключова дума руски песни
653 #7 - Ключова дума – ненормативна
9 (RLIN) 193730
Ключова дума пиано
653 #7 - Ключова дума – ненормативна
9 (RLIN) 200116
Ключова дума хорова музика
653 #7 - Ключова дума – ненормативна
9 (RLIN) 180518
Ключова дума акордеон
852 ## - Местоположение
Форматна сигнатура Цб М ІІ 5528
Фондова буква Хранилище
856 4# - Електронен адрес и достъп
Електронен формат pdf - файл
Път до файла /url/
856 4# - Електронен адрес и достъп
Електронен формат pdf - файл
Път до файла /url/
999 ## - СИСТЕМНИ КОНТРОЛНИ НОМЕРА
Koha biblionumber 361721
Koha biblioitemnumber 361721
942 ## - АРТИКУЛИ
Вид на библиотечния материал Нотни издания
Скрит в OPAC Не
Периодичен библиозапис Да
944 ## - СЪЗДАВАНЕ И РЕДАКЦИЯ на ЗАПИСА
Създаване/Редакция Създаване
Дата на регистрацията/редакция 2020-05-12
Служител, извършил регистрацията/редакцията В. Т.
999 ## - СИСТЕМНИ КОНТРОЛНИ НОМЕРА
Koha biblioitemnumber 352355
999 ## - СИСТЕМНИ КОНТРОЛНИ НОМЕРА
Koha biblioitemnumber 305154
Наличности
Код за отписване Код за изгубен артикул Източник на класификационната схема Код за повреда Код за отдаване Артикулен № Име на библиотеката - собственик Име на библиотеката, в която се намира в момента Статус (Текущо местоположение) Дата на вписване в системата Местоположение - отдел Цена в лева Инвентарен номер Систематично азбучна сигнатура Баркод Цена в евро Служебен тип на артикула
  Не е изгубен Universal Decimal Classification Не е повреден ползва се в читалня 769446 Регионална библиотека "Любен Каравелов" Русе Регионална библиотека "Любен Каравелов" Русе Хранилище 2020-05-13 Хранилище 1.36 16750/68 Цб М ІІ 5528 900000009485 0.70 Нотни издания
Vip Innovations Ltd, Rousse, Bulgaria 2025